Thermal Radiation Heat Transfer / (Record no. 586498)
[ view plain ]
| 000 -LEADER | |
|---|---|
| fixed length control field | 00542nam a22001697a 4500 |
| 020 ## - INTERNATIONAL STANDARD BOOK NUMBER | |
| International Standard Book Number | 1-56032-839-8 |
| 082 ## - DEWEY DECIMAL CLASSIFICATION NUMBER | |
| Classification number | 620.4022 SIE |
| 100 ## - MAIN ENTRY--PERSONAL NAME | |
| Personal name | Robert Siegel and John Howell |
| 245 ## - TITLE STATEMENT | |
| Title | Thermal Radiation Heat Transfer / |
| Remainder of title | 4th Edition |
| Statement of responsibility, etc. | Siegel, Robert |
| 250 ## - EDITION STATEMENT | |
| Edition statement | 4th. ed. |
| 260 ## - PUBLICATION, DISTRIBUTION, ETC. | |
| Place of publication, distribution, etc. | New York(London): |
| Name of publisher, distributor, etc. | Taylor & Francis, |
| Date of publication, distribution, etc. | 2002. |
| 300 ## - PHYSICAL DESCRIPTION | |
| Extent | 868 p. : |
| Other physical details | ill. ; |
| Dimensions | 50cm. |
| 650 ## - SUBJECT ADDED ENTRY--TOPICAL TERM | |
| Topical term or geographic name entry element | Heat Rediation and Absorption. |
| 700 ## - ADDED ENTRY--PERSONAL NAME | |
| Personal name | ROBERT SIEGEL. |
| 942 ## - ADDED ENTRY ELEMENTS (KOHA) | |
| Source of classification or shelving scheme | |
| Koha item type | Book |
| 650 ## - SUBJECT ADDED ENTRY--TOPICAL TERM | |
| -- | 83039 |
| 700 ## - ADDED ENTRY--PERSONAL NAME | |
| -- | 83040 |
| Withdrawn status | Lost status | Source of classification or shelving scheme | Damaged status | Not for loan | Permanent Location | Current Location | Shelving location | Date acquired | Total Checkouts | Full call number | Barcode | Date last seen | Price effective from | Koha item type |
|---|---|---|---|---|---|---|---|---|---|---|---|---|---|---|
| School of Interdisciplinary Engineering and Sciences (SINES) | School of Interdisciplinary Engineering and Sciences (SINES) | Text Books | 10/12/2021 | 620.4022 SIE | RCMS00635 | 10/12/2021 | 10/12/2021 | Book |
